000 00583nam a2200181 i 4500
001 39108
003 ES-MaACL
005 20230906155907.0
007 t|
008 030227s1965 sp ||||1| cat d
100 1 _aCamps y Arboix, Joaquim de.
_934331
245 1 4 _aLes cases pairals catelanes /
_ctext de Joaquím de Camps i Arboix ; fotografías de Francesc Catalá Roca.
250 _a[1ª ed.].
260 _aBarcelona :
_bDestino,
_c1965.
300 _a366 p., 19 lám. :
_bil. ;
_c26 cm.
700 1 _aCatalà-Roca, Francesc.
_937014
852 _aES-MaACL
_jC-29720
_bR.60233
999 _c39108
_d39108